000 03738ntaaa2200757 4500
003 01
005 20251027203257.0
008 0714s1973 ag 01
020 _a9789876201360
040 _aAR-BaBN
_bspa
_cAR-BaBN
_eaacr
_dRIC
082 _a982 C29
110 _aFundación Universida Católica Argentina
_935681
245 _aCongreso "Hacia el Bicentenario (2010-2016)" :
_bMemoria, identidad y reconciliación /
_cFundación Universida Católica Argentina, coordinado por Juan Guillermo Durán
250 _a1ª ed.
505 _tLa construcción de las instituciones
505 _tEl fortalecimiento del proceso institucional y el modelo federal argentino
505 _tEvolución del derecho público
505 _tLas transformaciones del sistema de derecho privado
505 _tLibertad religiosa e instituciones en la Argentina: raíces históricas y actualidad
505 _tDerroteros de la economía
505 _tEl desempeño económico de la Argentina en el largo plazo
505 _tEstrategias para el desarrollo de la Argentina
505 _tAportes de algunos economistas católicos
505 _tPolíticas económicas públicas
505 _tCultura política y relaciones internacionales
505 _tLas constantes del pensamiento político
505 _tIdeas más instituciones
505 _tUn punto de quiebre, los debates de los sesenta
505 _tLas relaciones con el mundo
505 _tLas transformaciones sociales
505 _tPoblación y migraciones
505 _tCultura, educación y familia
505 _tPensamiento y cultura
505 _tLa música en la época de la Revolución de Mayo
505 _tEl Himno Nacional Argentino: letra, música e iconografía
505 _tGéneros nacionales de la literatura argentina; gauchesca, sainete criollo y folletín político.
505 _tVisión retrospectiva y prospectiva de la filosofía en la Argentina
505 _tPasado y presente del folklore como ciencia en la Argentina
505 _t73.000 días del periodismo argentino
505 _tLa educación como desafío en la Argentina de hoy
505 _tHablar de Dios, hablar de nos-otros. Un acercamiento interdisciplinario a la literatura
505 _tPoesía argentina actual
505 _tPensamiento tecnológico y científico
505 _tLa ingeniería y la construcción de la nación
505 _tEl rol de la ciencia
505 _tDesafíos del desarrollo científico interdisciplinario. Psicología, psicopedagogía y educación
505 _tPasado, presente y futuro del medio ambiente en la Argentina
505 _tLa ética en las ciencias y técnicas de la vida
505 _tDesarrollo científico-tecnológico del sector agroalimentario
505 _tLa medicina del protomedicato a los desafíos de hoy
505 _tLa iglesia católica, ecumenismo y diálogo interreligioso
505 _tLa Iglesia Católica y la vida nacional: evangelización y promoción humana
505 _tArgentina: tierra de encuentro y de diálogo entre cristianos
505 _tLas comunidadades judía e islámica en la Argentina: aportes religiosos y culturales
505 _tPrioridades en la acción social del laicado católico en los próximos años
505 _tClausura
505 _tMemoria, identidad y reconciliación
505 _tLos primeros pasos de la libertad religiosa en el Río de la Plata
505 _tApertura
505 _tPalabras iniciales
505 _tEl Bicentenario y los desafíos a la democracia argentina
650 _aHISTORIA ARGENTINA
_924937
650 _aBICENTENARIO
_935682
700 _aDurán, Juan Guillermo
_ecoordinador
_935683
942 _cBK
999 _c28246
_d28246